00445nam a22001457a 450000500170000000800410001702000150005804100130007308200150008610000260010124500670012726000470019430000320024165000260027320231128125345.0231128b |||||||| |||| 00| 0 eng d a0702157295 aEnglish  a340.1 BUR  aBurger, AJ lEnglish  aA Guide to Legislative Drafting in South Africa / cAJ Burger  aCape Town : bJuta and Company Ltd, c2002 bxvii, 147 pages ; c23 cm.  aLegal practice bLaw